MARC

LEADER 00000nam0a2200000 4500
001 269177
005 20231101234230.0
020 |a RU  |b 87-31069 
035 |a (RuTPU)RU\TPU\book\292350 
090 |a 269177 
100 |a 20140915d1987 k a0rusy5003 ca 
101 0 |a rus 
102 |a RU 
105 |a a z 001zy 
200 1 |a Анализ и моделирование производственных систем  |f Б. Г. Тамм, М. Э. Пуусепп, Р. Р. Таваст 
210 |a Москва  |c Финансы и статистика  |d 1987 
215 |a 191 с.  |c ил. 
320 |a Библиогр.: с. 181-187 
320 |a Предм. указ.: с. 188-189 
606 1 |a Программно-целевой метод в планировании и управлении  |x Организация производства  |2 stltpush  |3 (RuTPU)RU\TPU\subj\51800  |9 70363 
610 1 |a технические системы 
610 1 |a системные методы исследования 
610 1 |a анализ 
610 1 |a моделирование 
610 1 |a языки 
610 1 |a производственные системы 
610 1 |a концептуальный анализ 
675 |a 658.012  |z rus 
700 1 |a Тамм  |b Б. Г.  |g Борис Георгиевич  |4 070 
701 1 |a Пуусепп  |b М. Э.  |g Мярт Эугениевич 
701 1 |a Таваст  |b Р. Р.  |g Рауль Романович 
801 0 |a RU  |b RuMRKP  |c 19960705  |g psbo 
801 1 |a RU  |b 63413507  |c 20140915 
801 2 |a RU  |b 63413507  |c 20170222  |g RCR 
942 |c BK